[Event "IV C.to Europeo seniores"]
[Site "Arvier ITA"]
[Date "2004.09.17"]
[Round "8"]
[White "Karl, Hans"]
[Black "Rotelli, Pietro"]
[Result "1-0"]
[WhiteElo "2283"]
[BlackElo "2031"]
[PlyCount "75"]
[EventDate "2004.09.10"]

1. d4 d5 2. c4 c6 3. Nf3 Nf6 4. g3 Bf5 5. Bg2 h6 6. O-O e6 7. Nbd2 Nbd7 8. b3
Be7 9. Bb2 O-O 10. e3 Ne4 11. Qe2 Ndf6 12. Rfd1 Bg4 13. h3 Bf5 14. Nf1 Bd6 15.
Ne5 Ng5 16. g4 Bg6 17. h4 Ngh7 18. h5 Nxh5 19. gxh5 Bf5 20. f4 Bxe5 21. dxe5
Qh4 22. Bf3 g5 23. Qh2 Bh3 24. Qg3 Kh8 25. Qxh4 gxh4 26. Kh2 Bf5 27. Nd2 Rg8
28. Rg1 Rxg1 29. Rxg1 a5 30. a3 Nf8 31. cxd5 cxd5 32. Rc1 b5 33. Rc7 Kg7 34.
Bd4 a4 35. b4 Bd3 36. Kh3 Rd8 37. Bc5 Rd7 38. Bxf8+ 1-0

[Event "IV C.to Europeo seniores"]
[Site "Arvier ITA"]
[Date "2004.09.17"]
[Round "8"]
[White "Kock, Hans-Uwe"]
[Black "Lein, Marina"]
[Result "1/2-1/2"]
[WhiteElo "2172"]
[BlackElo "2007"]
[PlyCount "30"]
[EventDate "2004.09.10"]

1. d4 Nf6 2. c4 g6 3. Nc3 d5 4. Nf3 Bg7 5. cxd5 Nxd5 6. e4 Nxc3 7. bxc3 c5 8.
Rb1 O-O 9. h3 Nc6 10. d5 Bxc3+ 11. Bd2 Bxd2+ 12. Qxd2 Nd4 13. Nxd4 cxd4 14.
Qxd4 Qa5+ 15. Qd2 Qxd2+ 1/2-1/2

[Event "IV C.to Europeo seniores"]
[Site "Arvier ITA"]
[Date "2004.09.17"]
[Round "8"]
[White "Macek, Vlasta"]
[Black "Saunina, Ludmila"]
[Result "0-1"]
[WhiteElo "2230"]
[BlackElo "2282"]
[PlyCount "120"]
[EventDate "2004.09.10"]

1. d4 Nf6 2. c4 e6 3. Nc3 Bb4 4. Qc2 O-O 5. a3 Bxc3+ 6. Qxc3 b6 7. f3 c5 8.
dxc5 bxc5 9. Bg5 Nc6 10. Nh3 Qa5 11. Bd2 Qxc3 12. Bxc3 Rb8 13. O-O-O Rd8 14.
Nf4 d6 15. e3 Kf8 16. Be2 Ba6 17. Rhe1 Ke7 18. Kc2 g5 19. Nh3 h6 20. Nf2 e5 21.
f4 Ke6 22. Bd3 Rg8 23. g3 g4 24. Ne4 Ne8 25. Nd2 f6 26. Be4 Ne7 27. b4 f5 28.
Bg2 e4 29. b5 Bb7 30. Nb3 Nc8 31. Bf1 Nb6 32. Na5 Ba8 33. Ra1 Na4 34. Nb3 h5
35. Bd2 Rh8 36. Reb1 h4 37. Be1 hxg3 38. Bxg3 Nf6 39. Nd2 Rh7 40. Kb3 Nb6 41.
a4 Bb7 42. Kc3 Rbh8 43. Bg2 Nh5 44. Be1 Nxf4 45. exf4 Rxh2 46. a5 Nd7 47. Nxe4
Rxg2 48. Ng5+ Ke7 49. Bd2 Nf6 50. a6 Ne4+ 51. Nxe4 Bxe4 52. Re1 Kd7 53. Re3 Kc7
54. Rae1 Rh3 55. Rc1 Rf2 56. Rce1 Rhh2 57. Bc1 Rf3 58. Rxf3 gxf3 59. Bd2 f2 60.
Rf1 Rh3+ 0-1

[Event "IV C.to Europeo seniores"]
[Site "Arvier ITA"]
[Date "2004.09.17"]
[Round "8"]
[White "Rosino, Antonio"]
[Black "Popivoda, Radmila"]
[Result "1/2-1/2"]
[WhiteElo "2277"]
[BlackElo "2234"]
[PlyCount "112"]
[EventDate "2004.09.10"]

1. e4 c5 2. Nf3 g6 3. c3 Bg7 4. d4 cxd4 5. cxd4 d5 6. exd5 Nf6 7. Nc3 O-O 8.
Bc4 Nbd7 9. d6 exd6 10. O-O Nb6 11. Bb3 Bg4 12. h3 Bf5 13. Bg5 h6 14. Bf4 g5
15. Bh2 a6 16. d5 Rc8 17. Nd4 Bh7 18. f4 Nc4 19. fxg5 hxg5 20. Bxc4 Rxc4 21.
Nf5 Qb6+ 22. Kh1 Bxf5 23. Rxf5 Qxb2 24. Bxd6 Re8 25. Be5 Rxe5 26. Rxe5 Qxc3 27.
Qe1 Nxd5 28. Rxg5 Qxe1+ 29. Rxe1 Nf6 30. Re7 b5 31. Rb7 Rc6 32. Rb8+ Kh7 33.
Rb7 Ne4 34. Rd5 Kg6 35. h4 Kf6 36. Kh2 Ke6 37. Rdd7 Be5+ 38. g3 f5 39. Re7+ Kd5
40. Rbd7+ Bd6 41. h5 Kc4 42. Rg7 Be5 43. Rg6 Rxg6 44. hxg6 Bxg3+ 45. Kg2 Be5
46. Ra7 Nc5 47. g7 Bxg7 48. Rxg7 a5 49. Rf7 b4 50. Rxf5 a4 51. Kf1 Nd3 52. Ke2
Nc1+ 53. Kd2 Nxa2 54. Kc2 Nc3 55. Rf4+ Kc5 56. Rh4 Kb5 1/2-1/2

[Event "IV C.to Europeo seniores"]
[Site "Arvier ITA"]
[Date "2004.09.17"]
[Round "8"]
[White "Strelnikova, Elena"]
[Black "Sorokin, Valentin"]
[Result "0-1"]
[WhiteElo "2133"]
[BlackElo "2388"]
[PlyCount "66"]
[EventDate "2004.09.10"]

1. e4 d5 2. exd5 Nf6 3. d4 Nxd5 4. c4 Nb6 5. Nc3 Nc6 6. Be3 g6 7. d5 Ne5 8. Bd4
f6 9. Bxe5 fxe5 10. Bd3 e6 11. Nf3 Bg7 12. Qe2 O-O 13. O-O exd5 14. cxd5 Bg4
15. Be4 Nc8 16. h3 Bd7 17. Bd3 Nd6 18. Rad1 Qe7 19. Rde1 Rae8 20. Qe3 a6 21.
Re2 Nf5 22. Qa7 Bc8 23. Rfe1 Qd6 24. Bc4 Qb4 25. Bb3 Nd6 26. Nxe5 Bf5 27. g4
Nc8 28. Qb8 Rxe5 29. Rxe5 Bxe5 30. Rxe5 Nd6 31. Qxc7 Bxg4 32. Re7 Qd4 33. Ne4
Bf3 0-1

[Event "IV C.to Europeo seniores"]
[Site "Arvier ITA"]
[Date "2004.09.17"]
[Round "8"]
[White "Tseitlin, Mark D."]
[Black "Shabanov, Yuri"]
[Result "1-0"]
[WhiteElo "2484"]
[BlackElo "2429"]
[PlyCount "81"]
[EventDate "2004.09.10"]

1. e4 c5 2. Nf3 Nc6 3. Bb5 g6 4. O-O Bg7 5. c3 Nf6 6. Re1 O-O 7. h3 e5 8. d4
cxd4 9. cxd4 exd4 10. e5 Nd5 11. Bg5 Qc7 12. Qb3 Nde7 13. Qa3 Re8 14. Nbd2 h6
15. Bf6 Bf8 16. Bc4 Na5 17. Rac1 Nec6 18. Bxf7+ Kxf7 19. Qd3 d5 20. Nh4 Bf5 21.
Nxf5 gxf5 22. Qxf5 Kg8 23. b4 Nc4 24. Nxc4 dxc4 25. Re4 Re7 26. b5 Na5 27. Rxd4
Bg7 28. Rcd1 c3 29. Bxe7 Qxe7 30. f4 Rf8 31. Qg6 Qc5 32. Kf2 Qb6 33. Qg3 Qe6
34. Rd7 Rf7 35. Rxf7 Qxf7 36. Rd8+ Kh7 37. Qd3+ Qg6 38. Qd5 h5 39. Qg8+ Kh6 40.
Rd6 Qxd6 41. exd6 1-0

[Event "IV C.to Europeo seniores"]
[Site "Arvier ITA"]
[Date "2004.09.17"]
[Round "8"]
[White "Van den Berg, Adrianus M.J."]
[Black "Ljubarskij, Juri"]
[Result "1-0"]
[WhiteElo "2286"]
[BlackElo "2338"]
[PlyCount "59"]
[EventDate "2004.09.10"]

1. Nc3 e5 2. Nf3 Nc6 3. d4 exd4 4. Nxd4 Nf6 5. Bg5 Bb4 6. Nxc6 bxc6 7. Qd4 Qe7
8. Bxf6 gxf6 9. e3 d5 10. O-O-O Bc5 11. Qh4 Be6 12. g3 Rb8 13. a3 Bf5 14. Bd3
Bg6 15. Bxg6 fxg6 16. Qa4 Qd7 17. e4 Bxf2 18. exd5 O-O 19. dxc6 Qe6 20. Qe4
Rfe8 21. Qf3 Be3+ 22. Kb1 Bc5 23. Nd5 Qe5 24. b4 f5 25. Rhe1 Qxe1 26. Rxe1
Rxe1+ 27. Ka2 Bd6 28. Qf2 Rh1 29. Qxa7 Rf8 30. Qf2 1-0

[Event "IV C.to Europeo seniores"]
[Site "Arvier ITA"]
[Date "2004.09.18"]
[Round "9"]
[White "Asmundsson, Ingvar"]
[Black "Chernikov, Oleg L."]
[Result "0-1"]
[WhiteElo "2295"]
[BlackElo "2412"]
[PlyCount "139"]
[EventDate "2004.09.10"]

1. e4 c5 2. Nf3 Nf6 3. e5 Nd5 4. c3 e6 5. d4 cxd4 6. cxd4 b6 7. Nc3 Bb7 8. Bd3
Na6 9. Bg5 Nxc3 10. bxc3 Qc8 11. Rc1 Ba3 12. Rc2 Bc6 13. Qe2 Nc7 14. Bc1 Be7
15. c4 Qb7 16. O-O O-O 17. Ne1 b5 18. Rb2 a6 19. Rb3 g6 20. Bh6 Rfe8 21. Qg4
Qc8 22. Nf3 bxc4 23. Bxc4 Bd5 24. Rc1 Qd8 25. h4 Bxc4 26. Rxc4 Rb8 27. Bg5 Rxb3
28. axb3 Nd5 29. Bxe7 Qxe7 30. Nd2 f5 31. Qg3 Rb8 32. Qg5 Qxg5 33. hxg5 h6 34.
gxh6 Kh7 35. g3 g5 36. Ra4 Rb6 37. Rc4 Rb8 38. Ra4 Rb6 39. Rc4 Rb4 40. Kf1 Kxh6
41. Ke2 Rb8 42. Rc1 Kg6 43. Ra1 Rb6 44. Rc1 Rb8 45. Ra1 Nb4 46. Rc1 Nc6 47. Ke3
Kg7 48. Ra1 Rb6 49. Rh1 Rb4 50. Ra1 Rxd4 51. f4 a5 52. Ra4 Rd5 53. Nc4 Kg6 54.
Ra1 Rb5 55. Nd2 Rb4 56. Ra4 Rb8 57. Ra1 Kh5 58. Rh1+ Kg4 59. fxg5 Nxe5 60. Ra1
Rb5 61. Ra4+ Kxg5 62. Rd4 d5 63. Rh4 Nf7 64. Nf3+ Kf6 65. Nd2 Rc5 66. Kd3 Rc1
67. Ke3 Rc3+ 68. Kf2 Ng5 69. Ra4 Ne4+ 70. Nxe4+ 0-1

[Event "IV C.to Europeo seniores"]
[Site "Arvier ITA"]
[Date "2004.09.18"]
[Round "9"]
[White "Etmans, Maarten D."]
[Black "Birens, Eric-Andre'"]
[Result "1-0"]
[WhiteElo "2213"]
[BlackElo "2116"]
[PlyCount "89"]
[EventDate "2004.09.10"]

1. e4 c5 2. Nf3 d6 3. Bb5+ Nd7 4. O-O Ngf6 5. Re1 a6 6. Bxd7+ Nxd7 7. c3 g6 8.
d4 Bg7 9. e5 O-O 10. exd6 exd6 11. Bf4 cxd4 12. Bxd6 Re8 13. cxd4 Nf6 14. Rxe8+
Nxe8 15. Be5 f6 16. Qb3+ Kh8 17. Bg3 b5 18. Nc3 Bb7 19. d5 Qd7 20. Re1 Bf8 21.
a3 Rd8 22. h3 Ng7 23. Rd1 Nf5 24. Bh2 Re8 25. Kf1 Kg7 26. Ne2 Bd6 27. Bxd6 Qxd6
28. g3 Rd8 29. Nf4 Bc8 30. Rc1 Ne7 31. Kg2 Bf5 32. Ne6+ Bxe6 33. dxe6 Nd5 34.
Re1 Re8 35. Rd1 Rd8 36. e7 Nf4+ 37. gxf4 Qxe7 38. Rxd8 Qxd8 39. Qe3 Qd6 40. Qd4
Qc6 41. Kg3 h6 42. Qc3 Qd6 43. h4 Qd7 44. Nd4 h5 45. Qc7 1-0

[Event "IV C.to Europeo seniores"]
[Site "Arvier ITA"]
[Date "2004.09.18"]
[Round "9"]
[White "Gruzmann, Boris"]
[Black "Tseitlin, Mark D."]
[Result "0-1"]
[WhiteElo "2314"]
[BlackElo "2484"]
[PlyCount "124"]
[EventDate "2004.09.10"]

1. e4 c5 2. Nf3 Nc6 3. d4 cxd4 4. Nxd4 Nf6 5. Nc3 d6 6. Bg5 e6 7. Qd2 a6 8.
O-O-O Be7 9. Nb3 b5 10. Bxf6 gxf6 11. f4 Bd7 12. Kb1 Na5 13. Nxa5 Qxa5 14. e5
d5 15. exf6 Bb4 16. a3 Bxc3 17. Qxc3 Qxc3 18. bxc3 Rc8 19. Kb2 h5 20. Be2 Rh6
21. Rhf1 Rxf6 22. Bxh5 Rh6 23. Bg4 Rxh2 24. Bh3 Ke7 25. Rfe1 Kd6 26. Re5 Rc4
27. Rd4 f6 28. Re1 Rc7 29. Red1 Bc6 30. R4d3 e5 31. fxe5+ fxe5 32. Rg3 Kc5 33.
Re1 e4 34. Rg5 Re7 35. Rg6 a5 36. Rg5 b4 37. axb4+ axb4 38. Kb3 bxc3 39. Kxc3
e3 40. Kd3 Bb5+ 41. Kc3 Re4 42. Kb2 Bc4 43. Kc3 e2 44. Rf5 Rd4 45. Rf2 Rd1 46.
Rexe2 d4+ 47. Kb2 Bxe2 48. Rxe2 Rhh1 49. Be6 Rb1+ 50. Ka3 Ra1+ 51. Ba2 Rhe1 52.
Rf2 Rf1 53. Re2 Rae1 54. Rd2 Rg1 55. Kb2 Re3 56. Rf2 Rge1 57. Rf5+ Re5 58. g4
R1e2 59. Be6 d3 60. Kc1 Rxc2+ 61. Kd1 Rxf5 62. Bxf5 Kd4 0-1

[Event "IV C.to Europeo seniores"]
[Site "Arvier ITA"]
[Date "2004.09.18"]
[Round "9"]
[White "Hallerod, Ralph"]
[Black "Macek, Vlasta"]
[Result "1/2-1/2"]
[WhiteElo "2111"]
[BlackElo "2230"]
[PlyCount "110"]
[EventDate "2004.09.10"]

1. d4 d5 2. c4 c6 3. Nf3 Nf6 4. Nc3 a6 5. c5 Bg4 6. Ne5 Bh5 7. Qb3 Ra7 8. Qb6
Qxb6 9. cxb6 Ra8 10. Bf4 Nfd7 11. Na4 Nxe5 12. Bxe5 Nd7 13. Bc7 e6 14. a3 Be7
15. e3 O-O 16. Rc1 f6 17. Bd3 Bg6 18. Be2 Rfe8 19. f4 e5 20. fxe5 fxe5 21. Bg4
Bh4+ 22. g3 Nf6 23. gxh4 Nxg4 24. Kd2 exd4 25. exd4 Nf2 26. Rhf1 Ne4+ 27. Kd1
Bh5+ 28. Kc2 Be2 29. Rfe1 Bb5 30. Nc3 Nxc3 31. Kxc3 Re4 32. Rxe4 dxe4 33. Kd2
Rf8 34. Ke3 Bd3 35. Bf4 Kf7 36. Rxc6 bxc6 37. b7 Ke6 38. b8=Q Rxb8 39. Bxb8 Kd5
40. Be5 g6 41. Bg7 Kc4 42. Bf8 Kb3 43. Be7 Kxb2 44. Bc5 a5 45. Bb6 a4 46. Bc5
Kb3 47. Bb4 Kc4 48. Bc5 Kd5 49. Bb4 Ke6 50. Kf4 Kf6 51. Ba5 h6 52. Bb4 g5+ 53.
hxg5+ hxg5+ 54. Ke3 Kf5 55. Bd6 Bb1 1/2-1/2

[Event "IV C.to Europeo seniores"]
[Site "Arvier ITA"]
[Date "2004.09.18"]
[Round "9"]
[White "Hilburt, Leonid"]
[Black "Arkhangelsky, Boris"]
[Result "0-1"]
[WhiteElo "2237"]
[BlackElo "2376"]
[PlyCount "92"]
[EventDate "2004.09.10"]

1. e4 c5 2. Nf3 Nc6 3. d4 cxd4 4. Nxd4 Nf6 5. Nc3 d6 6. Be2 e5 7. Nb3 Be7 8.
O-O O-O 9. f4 a5 10. a4 Nb4 11. Be3 Be6 12. Nd2 exf4 13. Bxf4 d5 14. e5 Nd7 15.
Nf3 Bc5+ 16. Kh1 Bf5 17. Rc1 Nb6 18. Nb5 Nxa4 19. b3 Nb6 20. Nd6 Bxd6 21. exd6
Na2 22. Ra1 Nc3 23. Qd2 Nxe2 24. Qxe2 Be4 25. Nd4 a4 26. bxa4 Rxa4 27. Rxa4
Nxa4 28. c4 Nc5 29. Qe3 dxc4 30. Ne2 b6 31. Kg1 Bd3 32. Qf3 Ne4 33. Re1 Nxd6
34. Ng3 Nb5 35. Be3 Re8 36. Qf2 Re6 37. Nh5 Rd6 38. h4 Nd4 39. Kh2 b5 40. Ra1
Nc6 41. Bb6 Qe8 42. Qe3 Re6 43. Qc5 h6 44. Nf4 Rf6 45. Nd5 Rf5 46. Qxc6 Qe5+
0-1

[Event "IV C.to Europeo seniores"]
[Site "Arvier ITA"]
[Date "2004.09.18"]
[Round "9"]
[White "Jansa, Vlastimil"]
[Black "Van den Berg, Adrianus M.J."]
[Result "1-0"]
[WhiteElo "2500"]
[BlackElo "2286"]
[PlyCount "65"]
[EventDate "2004.09.10"]

1. e4 c5 2. Nf3 Nc6 3. Bb5 e5 4. O-O Nge7 5. c3 d6 6. d4 a6 7. Be2 Qc7 8. Na3
Bg4 9. d5 Nb8 10. b4 Ng6 11. bxc5 Qxc5 12. Rb1 Bc8 13. Qa4+ Nd7 14. Be3 Qc7 15.
Bb6 Qb8 16. Nc4 Nf4 17. Bd1 Be7 18. Qa5 Nxb6 19. Nxb6 Qc7 20. Qa4+ Bd7 21. Nxd7
Qxd7 22. Rxb7 Qxa4 23. Bxa4+ Kf8 24. Rfb1 g5 25. Rd7 Nd3 26. Rbb7 Nc5 27. Rxe7
Nxb7 28. Rxb7 Kg7 29. Nxg5 Rab8 30. Rxb8 Rxb8 31. Bb3 Rc8 32. c4 a5 33. f3 1-0

[Event "IV C.to Europeo seniores"]
[Site "Arvier ITA"]
[Date "2004.09.18"]
[Round "9"]
[White "Klovans, Janis"]
[Black "Arnaudov, Petar"]
[Result "1-0"]
[WhiteElo "2456"]
[BlackElo "2222"]
[PlyCount "103"]
[EventDate "2004.09.10"]

1. e4 c5 2. Nf3 g6 3. d4 Bg7 4. Nc3 Qa5 5. Be2 Nc6 6. d5 Nd4 7. O-O Nxf3+ 8.
Bxf3 d6 9. Bd2 Nf6 10. a4 O-O 11. Nb5 Qd8 12. c3 a6 13. Na3 Rb8 14. Re1 b5 15.
axb5 axb5 16. Qe2 c4 17. Nc2 Nd7 18. Nb4 Bb7 19. Ra7 Qb6 20. Be3 Nc5 21. Raa1
Ra8 22. Rad1 Qc7 23. Bf4 Nd7 24. Qd2 Ne5 25. Be2 Ra4 26. h4 Rfa8 27. h5 Bc8 28.
Bh6 Bd7 29. Bxg7 Kxg7 30. h6+ Kg8 31. f4 Qc5+ 32. Kh2 Ng4+ 33. Bxg4 Bxg4 34.
Rc1 Bd7 35. e5 Re8 36. Re3 Raa8 37. Rce1 Rad8 38. e6 fxe6 39. dxe6 Bc8 40. Nc6
Bb7 41. Nxd8 Rxd8 42. Re5 Qc6 43. Rg5 Rf8 44. f5 Rf6 45. Qd4 Qc8 46. Re3 Bc6
47. fxg6 hxg6 48. h7+ Kg7 49. Rxg6+ Kxg6 50. Qg4+ Kxh7 51. Rh3+ Rh6 52. Qf5+
1-0

[Event "IV C.to Europeo seniores"]
[Site "Arvier ITA"]
[Date "2004.09.18"]
[Round "9"]
[White "Ljubarskij, Juri"]
[Black "Beliaeva, Natalia"]
[Result "1-0"]
[WhiteElo "2338"]
[BlackElo "2110"]
[PlyCount "47"]
[EventDate "2004.09.10"]

1. e4 c5 2. Nc3 Nc6 3. f4 g6 4. Nf3 Bg7 5. Bb5 Nd4 6. Nxd4 Bxd4 7. a4 a6 8. Bc4
d6 9. d3 e6 10. Qf3 Ne7 11. Ne2 Bg7 12. O-O O-O 13. c3 d5 14. Ba2 b6 15. f5
gxf5 16. exd5 Bb7 17. Nf4 Nxd5 18. Nh5 Be5 19. Bh6 Qc7 20. Qh3 Rfe8 21. Rae1
Ne7 22. Bg5 Ng6 23. Rxe5 Qxe5 24. Nf6+ 1-0

[Event "IV C.to Europeo seniores"]
[Site "Arvier ITA"]
[Date "2004.09.18"]
[Round "9"]
[White "Loktiev, Ivan"]
[Black "Joksic, Sinisa"]
[Result "1-0"]
[WhiteElo "2410"]
[BlackElo "2340"]
[PlyCount "65"]
[EventDate "2004.09.10"]

1. d4 g6 2. c4 Nf6 3. Nc3 Bg7 4. Nf3 O-O 5. g3 d6 6. Bg2 Na6 7. O-O c5 8. d5
Rb8 9. h3 Nc7 10. a4 a6 11. a5 Nd7 12. Qd3 b5 13. axb6 Nxb6 14. Ra3 e6 15. dxe6
fxe6 16. Bg5 Qd7 17. e4 e5 18. Rb3 Ne6 19. Nd5 Nxd5 20. Rxb8 Nb4 21. Rxb4 cxb4
22. Be3 Bb7 23. Rd1 Qc8 24. Ng5 Nd4 25. Bxd4 exd4 26. Nf3 Re8 27. Nxd4 Qa8 28.
f3 Qa7 29. Kh2 Qb6 30. b3 Be5 31. f4 Bf6 32. Nc2 Bc3 33. Nd4 1-0

[Event "IV C.to Europeo seniores"]
[Site "Arvier ITA"]
[Date "2004.09.18"]
[Round "9"]
[White "Profaizer, Gino"]
[Black "Kock, Hans-Uwe"]
[Result "0-1"]
[WhiteElo "1990"]
[BlackElo "2172"]
[PlyCount "80"]
[EventDate "2004.09.10"]

1. d4 Nf6 2. c4 g6 3. Nc3 Bg7 4. e4 d6 5. Bg5 Nbd7 6. Bd3 e5 7. d5 h6 8. Be3
O-O 9. f3 Nc5 10. Bc2 a5 11. Qd2 Ne8 12. O-O-O Kh7 13. g4 Bd7 14. h4 a4 15.
Nge2 Qb8 16. Ng3 b5 17. cxb5 Bxb5 18. h5 g5 19. Bxg5 hxg5 20. h6 Bf6 21. Nh5
Rg8 22. Rdg1 Be7 23. Ng7 Bd7 24. f4 Nxg7 25. hxg7+ Kxg7 26. fxe5 dxe5 27. d6
cxd6 28. Nd5 Kf8 29. Rh7 Be6 30. Rf1 Ra7 31. Qf2 Bd8 32. Qh2 Ke8 33. Rg7 Rxg7
34. Qh8+ Kd7 35. Qxg7 Kc6 36. a3 Rb7 37. Nb4+ Rxb4 38. axb4 Qxb4 39. Qf8 Kd7
40. Rd1 Nb3+ 0-1

[Event "IV C.to Europeo seniores"]
[Site "Arvier ITA"]
[Date "2004.09.18"]
[Round "9"]
[White "Stepak, Yedael"]
[Black "Estrada Martinez, Cesar"]
[Result "1-0"]
[WhiteElo "2302"]
[BlackElo "2235"]
[PlyCount "77"]
[EventDate "2004.09.10"]

1. d4 Nf6 2. c4 e6 3. Nf3 c5 4. d5 b5 5. Bg5 bxc4 6. Nc3 d6 7. e4 e5 8. Bxc4
Be7 9. Bd2 O-O 10. Qe2 Ne8 11. h3 Nc7 12. O-O Ba6 13. a3 Bxc4 14. Qxc4 Nd7 15.
b4 Rc8 16. Be3 Na8 17. b5 Rb8 18. Rfb1 Rb7 19. a4 Qc7 20. a5 Rc8 21. Bd2 Qd8
22. b6 axb6 23. a6 b5 24. Nxb5 Rbb8 25. Ba5 Ndb6 26. Qe2 Qd7 27. Nd2 Bd8 28.
Qg4 f5 29. Qxf5 Qxf5 30. exf5 Nxd5 31. a7 Rxb5 32. Rxb5 Bxa5 33. Rb8 Ndb6 34.
Rxa5 Kf7 35. Nc4 Nxc4 36. Rxc8 Ncb6 37. Rb8 c4 38. Ra6 c3 39. Raxb6 1-0

[Event "IV C.to Europeo seniores"]
[Site "Arvier ITA"]
[Date "2004.09.18"]
[Round "9"]
[White "Zhelesny, Stanislav"]
[Black "Beltrami, Nerio"]
[Result "1-0"]
[WhiteElo "2274"]
[BlackElo "1970"]
[PlyCount "103"]
[EventDate "2004.09.10"]

1. Nf3 Nf6 2. g3 g6 3. Bg2 Bg7 4. O-O O-O 5. d4 d6 6. c4 Nc6 7. Nc3 a6 8. b3
Bf5 9. Bb2 Qc8 10. Re1 Ne4 11. Nxe4 Bxe4 12. Qd2 Rb8 13. Qe3 Bf5 14. Nh4 Bh3
15. Bxc6 bxc6 16. Qxe7 c5 17. Qe4 Re8 18. Qc2 cxd4 19. Ng2 Be5 20. Qd2 c5 21.
Nf4 Bxf4 22. Qxf4 Qc6 23. f3 Re5 24. e4 Bd7 25. g4 Kg7 26. Bc1 g5 27. Qd2 Rbe8
28. Qg2 h6 29. Bd2 Qa8 30. Ba5 Bc6 31. Bc7 R8e6 32. Qg3 Qc8 33. Bxd6 f6 34.
Bxe5 fxe5 35. h4 Qb8 36. hxg5 hxg5 37. Re2 Rh6 38. Rh2 Rxh2 39. Qxh2 Qd6 40.
Qd2 Qd8 41. Kg2 a5 42. a3 Be8 43. b4 Bf7 44. bxc5 Bxc4 45. Rc1 Be6 46. c6 Kf6
47. c7 Qa8 48. Qc2 Bc8 49. Qc6+ Qxc6 50. Rxc6+ Ke7 51. Kf2 Kd7 52. Rc5 1-0

[Event "XLVI Festival A"]
[Site "Imperia ITA"]
[Date "2004.09.05"]
[Round "1"]
[White "Biolek, Richard sr"]
[Black "Barlocco, Carlo"]
[WhiteElo "2451"]
[BlackElo "2148"]
[Result "1-0"]
[PlyCount "99"]
[EventDate "2004.09.05"]

1. e4 e5 2. Nf3 d6 3. d4 exd4 4. Qxd4 Nc6 5. Bb5 Bd7 6. Bxc6 Bxc6 7. Nc3 Qf6 8.
Qd3 Qg6 9. O-O Nf6 10. Bd2 Be7 11. Rae1 O-O 12. Nd4 Rfe8 13. f4 d5 14. f5 dxe4
15. Qc4 Qh5 16. Nxc6 bxc6 17. Qxc6 Rad8 18. Be3 Bd6 19. h3 Qh4 20. Ne2 Ng4 21.
Bf4 Ne5 22. Bxe5 Rxe5 23. Rd1 Qg5 24. Nc3 Rde8 25. Rde1 Qg3 26. Ne2 Qe3+ 27.
Kh1 Qc5 28. Qxc5 Rxc5 29. Nc3 Rce5 30. Re2 Bb4 31. Nd1 e3 32. g4 Bc5 33. Kg2 h5
34. Rf4 Kh7 35. Nc3 Kh6 36. Kf3 hxg4+ 37. hxg4 Kg5 38. Ne4+ Rxe4 39. Rxe4 Rxe4
40. Kxe4 Kxg4 41. Rg2+ Kh3 42. Kf3 Bd4 43. Rg5 Bf6 44. Rh5+ Bh4 45. Rh7 e2 46.
Kxe2 g5 47. fxg6 fxg6 48. Rxc7 g5 49. Rxa7 g4 50. Rh7 1-0

[Event "XLVI Festival A"]
[Site "Imperia ITA"]
[Date "2004.09.05"]
[Round "1"]
[White "Blasco, Domenico"]
[Black "Zanetti, Alberto"]
[WhiteElo "2033"]
[BlackElo "2191"]
[Result "0-1"]
[PlyCount "46"]
[EventDate "2004.09.05"]

1. d4 c5 2. e3 Nf6 3. Bd3 Nc6 4. c3 e5 5. dxc5 Bxc5 6. Nd2 d5 7. Ne2 Be6 8. O-O
Qc7 9. Re1 O-O-O 10. b4 Bd6 11. Nf1 Kb8 12. Rb1 h5 13. Bd2 h4 14. Qc2 h3 15. g3
Bg4 16. Nc1 Bf3 17. Nb3 e4 18. Be2 Nxb4 19. Qb2 Bxe2 20. cxb4 Bd3 21. Rbc1 Qd7
22. Nc5 Qf5 23. Nxd3 Qf3 0-1

[Event "XLVI Festival A"]
[Site "Imperia ITA"]
[Date "2004.09.05"]
[Round "1"]
[White "Cavatorta, Fosco"]
[Black "Schacher, Gerd"]
[WhiteElo "2057"]
[BlackElo "2246"]
[Result "0-1"]
[PlyCount "106"]
[EventDate "2004.09.05"]

1. Nf3 c5 2. g3 g6 3. Bg2 Bg7 4. d3 Nc6 5. e4 e6 6. O-O Nge7 7. Nbd2 d6 8. c3
O-O 9. Re1 Rb8 10. a4 a6 11. Nf1 b5 12. axb5 axb5 13. d4 b4 14. Be3 bxc3 15.
bxc3 cxd4 16. cxd4 d5 17. e5 Nf5 18. Bc1 f6 19. g4 Nfe7 20. Ba3 fxe5 21. dxe5
Bd7 22. Bd6 Ra8 23. N1d2 Rxa1 24. Qxa1 Rf4 25. h3 Nc8 26. Bc5 Qc7 27. Be3 Rb4
28. Bc5 Rb5 29. Bd4 Nxd4 30. Nxd4 Ra5 31. Qb2 Nb6 32. f4 Na4 33. Qc1 Rc5 34.
Qa3 Rc3 35. Qd6 Qxd6 36. exd6 Bxd4+ 37. Kh1 Ra3 38. Nf3 Ra1 39. Rxa1 Bxa1 40.
Nd2 Bg7 41. Nb3 Bf8 42. f5 Bxd6 43. fxe6 Bxe6 44. Nd4 Kf7 45. g5 Nc3 46. h4 Bc5
47. Nf3 Ke7 48. Ne5 Bf2 49. h5 gxh5 50. g6 hxg6 51. Nxg6+ Kd6 52. Nf4 Bg4 53.
Kh2 Ne4 0-1

[Event "XLVI Festival A"]
[Site "Imperia ITA"]
[Date "2004.09.05"]
[Round "1"]
[White "Cirabisi, Federico"]
[Black "Maier, Christian"]
[WhiteElo "2106"]
[BlackElo "2356"]
[Result "0-1"]
[PlyCount "40"]
[EventDate "2004.09.05"]

1. e4 e6 2. Nf3 d5 3. e5 f6 4. d4 c5 5. c3 Nc6 6. Bd3 Nh6 7. Bxh6 gxh6 8. O-O
cxd4 9. Re1 Bg7 10. cxd4 fxe5 11. dxe5 Bd7 12. Nc3 O-O 13. Qe2 Be8 14. Rad1 Bh5
15. Be4 Nxe5 16. Bxd5 exd5 17. Rxd5 Bxf3 18. gxf3 Qh4 19. Kh1 Rae8 20. Rd4 Kh8
0-1

[Event "XLVI Festival A"]
[Site "Imperia ITA"]
[Date "2004.09.05"]
[Round "1"]
[White "Faraci, Antonino"]
[Black "Poloch, Petr"]
[WhiteElo "2078"]
[BlackElo "2291"]
[Result "0-1"]
[PlyCount "74"]
[EventDate "2004.09.05"]

1. c4 e5 2. d3 g6 3. Nc3 Bg7 4. g3 Ne7 5. Bg2 O-O 6. e4 d6 7. Nge2 Nbc6 8. Be3
Nd4 9. O-O c6 10. f4 Be6 11. Qd2 Qd7 12. Bxd4 exd4 13. Nd1 f5 14. Nf2 fxe4 15.
Nxe4 Nf5 16. Rae1 h6 17. Qc1 b6 18. Nd2 Rae8 19. Rf2 Ne3 20. Nf1 Bf5 21. Qd2 c5
22. Nc1 Re7 23. Kh1 Rfe8 24. Ree2 Bg4 25. Bf3 Bh3 26. Kg1 Nxf1 27. Rxf1 Bxf1
28. Kxf1 Rxe2 29. Nxe2 Re3 30. Ng1 g5 31. fxg5 Qf5 32. Qf2 Qxg5 33. Bd5+ Kh8
34. Be4 Bf6 35. Nf3 Qg4 36. Kg2 Kg7 37. Nd2 Re2 0-1

[Event "XLVI Festival A"]
[Site "Imperia ITA"]
[Date "2004.09.05"]
[Round "1"]
[White "Jandecka, Tomas"]
[Black "Kalod, Radek"]
[WhiteElo "2150"]
[BlackElo "2461"]
[Result "0-1"]
[PlyCount "68"]
[EventDate "2004.09.05"]

1. e4 c5 2. Nc3 d6 3. g3 Nc6 4. Bg2 g6 5. d3 Bg7 6. Be3 Nf6 7. h3 Rb8 8. Qd2 b5
9. f4 b4 10. Nd1 Nd7 11. Nf3 O-O 12. O-O a5 13. f5 Ba6 14. Bh6 c4 15. Bxg7 Kxg7
16. Ne3 Nde5 17. Nxe5 Nxe5 18. d4 c3 19. bxc3 Bxf1 20. Rxf1 bxc3 21. Qc1 Nd7
22. Ng4 Nf6 23. Qh6+ Kh8 24. Rf4 Ng8 25. Qh4 e5 26. dxe5 g5 27. Qh5 gxf4 28. f6
Rb1+ 29. Kh2 fxg3+ 30. Kxg3 dxe5 31. Qg5 Nxf6 32. Nxf6 Rg8 33. Qxg8+ Qxg8+ 34.
Nxg8 Kxg8 0-1

[Event "XLVI Festival A"]
[Site "Imperia ITA"]
[Date "2004.09.05"]
[Round "1"]
[White "Likavsky, Tomas"]
[Black "Arata, Roberto Mario"]
[WhiteElo "2482"]
[BlackElo "2151"]
[Result "1/2-1/2"]
[PlyCount "91"]
[EventDate "2004.09.05"]

1. d4 d5 2. Nf3 Nf6 3. c4 e6 4. g3 Nbd7 5. Bg2 dxc4 6. O-O Rb8 7. a4 Bd6 8.
Nbd2 O-O 9. Nxc4 Re8 10. Nfe5 Bxe5 11. dxe5 Nd5 12. a5 b5 13. axb6 axb6 14. e4
Nb4 15. Bd2 Nc6 16. f4 Bb7 17. Be3 Qe7 18. Qc2 Nc5 19. Na3 Nb4 20. Qc3 Nxe4 21.
Qc4 Bd5 22. Qe2 Nc5 23. Rac1 Bxg2 24. Qxg2 Nd5 25. Bxc5 bxc5 26. Qf2 Rb3 27.
Rfd1 g6 28. Rd2 Reb8 29. Nc4 R3b5 30. Na3 Rb3 31. Nc4 R3b5 32. Kh1 Kg7 33. Na3
Rb3 34. Nc4 R3b5 35. Rdc2 Nb4 36. Rd2 Nd5 37. Kg1 Kg8 38. Qe2 Kg7 39. Qe4 Rb4
40. Qe2 R4b5 41. Rf1 Rb4 42. Rc2 Qe8 43. Rfc1 Qb5 44. Qf2 Rb3 45. Rd2 Nc3 46.
Qf1 1/2-1/2

[Event "XLVI Festival A"]
[Site "Imperia ITA"]
[Date "2004.09.05"]
[Round "1"]
[White "Maksimenko, Andrei"]
[Black "Giordani, Marco"]
[WhiteElo "2524"]
[BlackElo "2156"]
[Result "1-0"]
[PlyCount "47"]
[EventDate "2004.09.05"]

1. d4 e6 2. Nf3 Nf6 3. c4 b6 4. e3 Bb7 5. Bd3 c5 6. Nc3 Be7 7. O-O cxd4 8. exd4
d5 9. cxd5 Nxd5 10. Ne5 O-O 11. Qh5 Nf6 12. Qh4 Nc6 13. Bg5 g6 14. Ba6 h6 15.
Qxh6 Ng4 16. Bxe7 Bxa6 17. Nxg4 Qxe7 18. d5 Nb8 19. d6 Qd8 20. Ne4 f6 21. Qxg6+
Kh8 22. Ngxf6 Rxf6 23. Nxf6 Bd3 24. Qh6+ 1-0